00485 2200169 4500001002100000008004100021035002000062245005900082100001600141260004700157300002800204020002200232084001400254082000800268650002600276990001300302INLIS000000000001027 ind  a0010-0120001027 aJangan Bercerai BundabSebuah Catatan HaticAsma Nadia aNadia, Asma aDepok :bAsmanadia Publishing House,c2013 axiv, 306 hlm.c20,5 cm. a978-602-9055-20-7 a813 NAD j a813 aFiksi Remaja -- Novel a11900541